1駅あたりの人口が多い市区町村 - Statistics

General Stats
  • This quiz has been taken 296 times
  • The average score is 27 of 50
Answer Stats
順位 都道府県 市区町村 人口/駅 % Correct
1 神奈川県 平塚市 258422
87%
6 神奈川県 厚木市 111852
73%
18 埼玉県 蕨市 74283
73%
20 滋賀県 草津市 71957
71%
2 静岡県 藤枝市 141342
70%
12 神奈川県 茅ヶ崎市 80796
68%
3 茨城県 古河市 139344
66%
9 埼玉県 和光市 83989
66%
17 埼玉県 川口市 74284
65%
30 茨城県 つくば市 60414
65%
15 東京都 武蔵野市 75075
64%
5 埼玉県 ふじみ野市 113597
63%
25 東京都 三鷹市 65130
63%
7 神奈川県 伊勢原市 101780
61%
14 埼玉県 志木市 75346
61%
21 埼玉県 朝霞市 70542
61%
23 静岡県 焼津市 68423
61%
27 埼玉県 草加市 62076
61%
50 茨城県 土浦市 47358
61%
34 栃木県 小山市 55555
60%
33 埼玉県 上尾市 56735
59%
49 埼玉県 三郷市 47382
59%
10 滋賀県 守山市 83236
58%
4 東京都 東久留米市 115271
57%
8 埼玉県 八潮市 93363
57%
11 埼玉県 新座市 83009
57%
13 東京都 清瀬市 76208
57%
40 滋賀県 野洲市 50513
55%
44 埼玉県 越谷市 48803
54%
16 埼玉県 桶川市 74748
52%
24 埼玉県 北本市 65201
52%
47 東京都 町田市 47898
52%
22 大阪府 高槻市 70539
50%
28 埼玉県 蓮田市 61499
47%
31 北海道 北広島市 58171
46%
32 大阪府 寝屋川市 57433
44%
38 大阪府 池田市 52496
42%
48 静岡県 菊川市 47789
42%
39 広島県 府中町 51155
41%
19 栃木県 大田原市 72087
39%
35 北海道 帯広市 55512
39%
41 埼玉県 幸手市 50066
39%
26 東京都 江戸川区 63448
37%
46 石川県 能美市 48253
36%
36 岐阜県 土岐市 55348
35%
37 大阪府 四條畷市 55177
35%
45 長野県 諏訪市 48729
34%
43 茨城県 小美玉市 48870
31%
29 宮城県 気仙沼市 61147
27%
42 愛知県 江南市 49127
23%
No matching quizzes found
Score Distribution
Percent of People with Each Score
Percentile by Number Answered
Your Score History
You have not taken this quiz